000 00661nam a2200277Ia 4500
005 20260324150111.0
008 008 260324s9999 xx 000 0 eng d
020 _a9781315762487
037 _aEBOOK
040 _aCRL
040 _beng
040 _cCRL
041 _2eng
041 _aeng
084 _qCRL
100 _aWerner Pelz
_91225261
245 4 _aThe Scope of Understanding in Sociology (RLE Social Theory)
260 _bTaylor and Francis
260 _c1974
365 _a
365 _b62.99
856 _uhttp://www.taylorfrancis.com/books/9781315762487
942 _cEBOOK
999 _c1834146
_d1834146